Statistics for Growing Cities in Ohio

Click here to take the quiz!

General Stats

  • This quiz has been taken 23 times
  • The average score is 5 of 10

Answer Stats

PopulationPopulation GainedCity% Correct
309,31712,219Cincinnati
100%
905,748116,741Columbus
100%
49,3287,932Dublin
70%
41,2525,619Grove City
50%
37,1148,879Hilliard
50%
41,3026,502Delaware
45%
23,0944,816Pickerington
45%
43,4395,329Huber Heights
40%
41,0765,147Reynoldsburg
35%
35,2805,804North Ridgeville
10%

Score Distribution

Percentile by Number Answered

Percent of People with Each Score

Your Score History

You have not taken this quiz